MARC details
| 000 -LEADER |
| fixed length control field |
02772cam a22004818i 4500 |
| 001 - CONTROL NUMBER |
| control field |
BK0014524546 |
| 003 - CONTROL NUMBER IDENTIFIER |
| control field |
DLC |
| 005 - DATE AND TIME OF LATEST TRANSACTION |
| control field |
20220310074501.0 |
| 008 - FIXED-LENGTH DATA ELEMENTS--GENERAL INFORMATION |
| fixed length control field |
140407s2014 nyu 000 1 eng |
| 010 ## - LIBRARY OF CONGRESS CONTROL NUMBER |
| LC control number |
9781410471321 |
| 020 ## - INTERNATIONAL STANDARD BOOK NUMBER |
| International Standard Book Number |
9781410471321 |
| 037 ## - SOURCE OF ACQUISITION |
| Source of stock number/acquisition |
Penguin Group USA, Attn: Order Processing 405 Murray Hill Pkwy, East Rutherford, NJ, USA, 07073-2136 |
| Note |
SAN 282-5074 |
| 040 ## - CATALOGING SOURCE |
| Original cataloging agency |
DLC |
| Language of cataloging |
eng |
| Description conventions |
rda |
| Transcribing agency |
DLC |
| Modifying agency |
NjBwBT |
| 050 00 - LIBRARY OF CONGRESS CALL NUMBER |
| Classification number |
PS3553.U75 |
| Item number |
E94 2014 |
| 082 00 - DEWEY DECIMAL CLASSIFICATION NUMBER |
| Classification number |
813/.54 |
| Edition number |
23 |
| 084 ## - OTHER CLASSIFICATION NUMBER |
| Classification number |
FIC002000 |
| 084 ## - OTHER CLASSIFICATION NUMBER |
| Classification number |
FIC030000 |
| 084 ## - OTHER CLASSIFICATION NUMBER |
| Classification number |
FIC031000 |
| Source of number |
bisacsh |
| 092 ## - LOCALLY ASSIGNED DEWEY CALL NUMBER (OCLC) |
| Classification number |
813.5400 |
| 092 ## - LOCALLY ASSIGNED DEWEY CALL NUMBER (OCLC) |
| Classification number |
F Cussler |
| 100 1# - MAIN ENTRY--PERSONAL NAME |
| Personal name |
Cussler, Clive / Blake, Russel |
| 9 (RLIN) |
6442802 |
| 245 14 - TITLE STATEMENT |
| Title |
The eye of heaven / (Fargo Adventures Book 6) / |
| Statement of responsibility, etc |
Clive Cussler / Russell Blake. |
| 260 ## - PUBLICATION, DISTRIBUTION, ETC. (IMPRINT) |
| Name of publisher, distributor, etc |
Penguin Group USA |
| Date of publication, distribution, etc |
2014 |
| 263 ## - PROJECTED PUBLICATION DATE |
| Projected publication date |
1406 |
| 264 #1 - Production, Publication, Distribution, Manufacture, and Copyright Notice. |
| Place of production, publication, distribution, manufacture |
New York, NY : |
| Name of producer, publisher, distributor, manufacturer |
G.P. Putnam's Sons, |
| Date of production, publication, distribution, manufacture, or copyr |
2014. |
| 300 ## - PHYSICAL DESCRIPTION |
| Extent |
Large Print |
| 336 ## - Content Type |
| Content type term |
text |
| 337 ## - Media type |
| Media type term |
unmediated |
| 338 ## - Carrier type |
| Carrier type term |
volume |
| 440 ## - SERIES STATEMENT/ADDED ENTRY--TITLE |
| Title |
Fargo Adventures : |
| Volume number/sequential designation |
Book 6. |
| 9 (RLIN) |
6382193 |
| 520 ## - SUMMARY, ETC. |
| Summary, etc |
"The outstanding new Fargo adventure from the #1 New York Times-bestselling author. Baffin Island: Husband-and-wife team Sami and Remi Fargo are on a climate-control expedition in the Arctic, when to their astonishment they discover a Viking ship in theice, perfectly preserved-and filled with pre-Columbian artifacts from Mexico. How can that be? As they plunge into their research, tantalizing clues about a link between the Vikings and the legendary Toltec feathered serpent god Quetzalcoatl-and a fabled object known as the Eye of Heaven-begin to emerge. But so do many dangerous people. Soon the Fargos find themselves on the run through jungles, temples, and secret tombs, caught between treasure hunters, crime cartels, and those with a far more personalmotivation for stopping them. At the end of the road will be the solution to a thousand-year-old mystery-or death"-- |
| 520 ## - SUMMARY, ETC. |
| Summary, etc |
"Baffin Island: Husband-and-wife team Sami and Remi Fargo are on a climate-control expedition in the Arctic, when to their astonishment they discover a Viking ship in the ice, perfectly preserved--and filled with pre-Columbian artifacts from Mexico"-- |
| 650 #0 - SUBJECT ADDED ENTRY--TOPICAL TERM |
| Topical term or geographic name as entry element |
Archaeologists |
| Form subdivision |
Fiction. |
| 9 (RLIN) |
5674905 |
| 650 #0 - SUBJECT ADDED ENTRY--TOPICAL TERM |
| Topical term or geographic name as entry element |
Treasure troves |
| Form subdivision |
Fiction. |
| 9 (RLIN) |
5686602 |
| 650 #7 - SUBJECT ADDED ENTRY--TOPICAL TERM |
| Topical term or geographic name as entry element |
FICTION / Action & Adventure. |
| Source of heading or term |
bisacsh |
| 9 (RLIN) |
5673674 |
| 650 #7 - SUBJECT ADDED ENTRY--TOPICAL TERM |
| Topical term or geographic name as entry element |
FICTION / Suspense. |
| Source of heading or term |
bisacsh |
| 9 (RLIN) |
5675303 |
| 650 #7 - SUBJECT ADDED ENTRY--TOPICAL TERM |
| Topical term or geographic name as entry element |
FICTION / Thrillers. |
| Source of heading or term |
bisacsh |
| 9 (RLIN) |
5679973 |
| 651 #0 - SUBJECT ADDED ENTRY--GEOGRAPHIC NAME |
| Geographic name |
Arctic regions |
| General subdivision |
Discovery and exploration |
| Form subdivision |
Fiction. |
| 9 (RLIN) |
6382195 |
| 655 #7 - INDEX TERM--GENRE/FORM |
| Genre/form data or focus term |
Suspense fiction. |
| Source of term |
gsafd |
| 9 (RLIN) |
6274393 |
| 655 #7 - INDEX TERM--GENRE/FORM |
| Genre/form data or focus term |
Adventure fiction. |
| Source of term |
gsafd |
| 9 (RLIN) |
6274394 |
| 700 1# - ADDED ENTRY--PERSONAL NAME |
| Personal name |
Blake, Russell. |
| 9 (RLIN) |
5689975 |
| 942 ## - ADDED ENTRY ELEMENTS (KOHA) |
| Koha item type |
BOOK |
| Source of classification or shelving scheme |
Dewey Decimal Classification |